Music Quiz

Random Music or Rock Quiz
Score 0/11 Timer 04:00
0 Plays Today
Track Song % Correct
1Mother
100%
4Working Class Hero
100%
10God
87.5%
7Love
75%
8Well Well Well
62.5%
11My Mummy's Dead
62.5%
3I Found Out
50%
6Remember
50%
2Hold On
37.5%
5Isolation
37.5%
9Look at Me
0%

You're not logged in!

Compare scores with friends on all Sporcle quizzes.
OR
Log In

Sporcle TV

Today on Sporcle TV


Watch our educational content, quiz creation guides, and fun videos on Sporcle TV.

Show Comments

Extras

Top Quizzes Today


Score Distribution

Paid Content

Your Account Isn't Verified!

In order to create a playlist on Sporcle, you need to verify the email address you used during registration. Go to your Sporcle Settings to finish the process.

Report this User

Report this user for behavior that violates our Community Guidelines.

Details: